El misterio de la calle Loreto / (Registro nro. 51831)

Detalles MARC
000 -LEADER
campo de control de longitud fija 03104cam a22004934i 4500
003 - IDENTIFICADOR DE NÚMERO DE CONTROL
campo de control PE-LiUPU
005 - FECHA Y HORA DE LA ÚLTIMA TRANSACCIÓN
campo de control 20250731184115.0
008 - DATOS DE LONGITUD FIJA--INFORMACIÓN GENERAL
campo de control de longitud fija 150706s2010 pe a r 000 0 d
020 ## - NÚMERO INTERNACIONAL ESTÁNDAR DEL LIBRO
Número Internacional Estándar del Libro 9786124011436
035 ## - NÚMERO DE CONTROL DEL SISTEMA
Número de control de sistema (Sirsi) i9786124011436
040 ## - FUENTE DE CATALOGACIÓN
Centro catalogador/agencia de origen PE-LiUPU
Lengua de catalogación spa
Centro/agencia transcriptor PE-LiUPU
Normas de descripción rda
049 ## - FONDOS LOCALES (OCLC)
Biblioteca depositaria PRUA
082 04 - NÚMERO DE LA CLASIFICACIÓN DECIMAL DEWEY
Número de clasificación 869.56
Cutter Y38
Número de edición 21
082 04 - NÚMERO DE LA CLASIFICACIÓN DECIMAL DEWEY
Número de clasificación 869.56
Cutter Y38 2010
100 1# - ENTRADA PRINCIPAL--NOMBRE DE PERSONA
Nombre de persona Yauri Montero, Marcos,
Fechas asociadas al nombre 1930- ,
Término indicativo de función/relación autor.
245 13 - MENCIÓN DEL TÍTULO
Título El misterio de la calle Loreto /
Mención de responsabilidad, etc. Marcos Yauri Montero.
264 #1 - PRODUCCIÓN, PUBLICACIÓN, DISTRIBUCIÓN, FABRICACIÓN Y COPYRIGHT
Producción, publicación, distribución, fabricación y copyright Lima :
Nombre del de productor, editor, distribuidor, fabricante Asamblea Nacional de Rectores,
Fecha de producción, publicación, distribución, fabricación o copyright 2010.
300 ## - DESCRIPCIÓN FÍSICA
Extensión 126 páginas :
Otras características físicas ilustraciones ;
Dimensiones 24 centímetros
336 ## - TIPO DE CONTENIDO
Término de tipo de contenido text
Fuente rdacontent
337 ## - TIPO DE MEDIO
Nombre/término del tipo de medio unmediated
Fuente rdamedia
338 ## - TIPO DE SOPORTE
Nombre/término del tipo de soporte volume
Fuente rdacarrier
505 0# - NOTA DE CONTENIDO CON FORMATO
Nota de contenido con formato Un Arpa. Una sobra de mujer -- Un viaje y un zorro incandescente -- Mónica, ¿eres tú? -- Dios se echa a llorar -- Una víctima feliz del amor -- Singing in the rain y dos mundos que se odian -- David se confiesa -- Ese viajero era yo -- ¿No será la música de aurora? -- Porfirio-Orfeo cuenta -- Antes del segundo canto del gallo -- Una señora adorable -- Esa seña, que mala seña, aurora -- Yo soy pelicarpo escudero -- El zorro negro cruzó mi camino -- ¿Te volveré a ver igual que la bailarina de jazz?
526 ## - NOTA DE INFORMACIÓN SOBRE EL PROGRAMA DE ESTUDIO
Nombre del programa Comunicación Y Periodismo
526 ## - NOTA DE INFORMACIÓN SOBRE EL PROGRAMA DE ESTUDIO
Nombre del programa Educación, Especialidad Inglés Y Español (A Distancia)
526 ## - NOTA DE INFORMACIÓN SOBRE EL PROGRAMA DE ESTUDIO
Nombre del programa Educación, Especialidad Inglés Y Español
526 ## - NOTA DE INFORMACIÓN SOBRE EL PROGRAMA DE ESTUDIO
Nombre del programa Educación secundaria, especialidad lingüística e inglés
526 ## - NOTA DE INFORMACIÓN SOBRE EL PROGRAMA DE ESTUDIO
Nombre del programa Ciencias de la comunicación
596 ## -
-- 1 3
650 04 - PUNTO DE ACCESO ADICIONAL DE MATERIA--TÉRMINO DE MATERIA
Término de materia o nombre geográfico como elemento de entrada Novelas peruanas
Subdivisión cronológica Siglo XX.
910 ## - DATOS DE OPCIÓN DEL USUARIO (OCLC)
-- jv
-- ng
-- 20110411
942 ## - ELEMENTOS DE ENTRADA SECUNDARIOS (KOHA)
Fuente del sistema de clasificación o colocación Clasificación Decimal Dewey
Tipo de ítem Koha
949 ## - PROCESAMIENTO DE INFORMACIÓN LOCAL (OCLC)
a 869.56 Y38
w DEWEY
c 1
i 62782
l CCODEBUL1
m BUL
p 9.00
r 0
s Y
t BOOK
u 2015-7-6
x EDUCACION
z UNKNOWN
0 COMPRA
o .STAFF. Colección General
949 ## - PROCESAMIENTO DE INFORMACIÓN LOCAL (OCLC)
a 869.56 Y38
w DEWEY
c 2
i 62781
l CCODEBUL1
m BUL
p 9.00
r 0
s Y
t BOOK
u 2015-7-6
x EDUCACION
z UNKNOWN
0 COMPRA
o .STAFF. Colección General
949 ## - PROCESAMIENTO DE INFORMACIÓN LOCAL (OCLC)
a 869.56 Y38 2010
w DEWEY
c 1
i FJ08783
l CCODEBUJ1
m BUJ
p 9.00
r 0
s Y
t BOOK
u 2017-09-13
x EDUCACION
-- P14
0 COMPRA
o .STAFF. Colección General Juliaca
949 ## - PROCESAMIENTO DE INFORMACIÓN LOCAL (OCLC)
a 869.56 Y38 2010
w DEWEY
c 2
i FJ08916
l CCODEBUJ1
m BUJ
p 9.00
r 0
s Y
t BOOK
u 2017-09-13
x EDUCACION
-- P14
0 COMPRA
o .STAFF. Colección General Juliaca
994 ## -
-- C0
-- PEPRU
999 ## - NÚMEROS DE CONTROL DE SISTEMA (KOHA)
-- DEWEY
-- 62782
-- 2021-11-9
-- 5
-- CCODEBUL1
-- BUL
-- 9.00
-- 0
-- Y
-- BOOK
-- 2015-7-6
-- EDUCACION
-- UNKNOWN
-- COMPRA
-- .STAFF. Colección General
999 ## - NÚMEROS DE CONTROL DE SISTEMA (KOHA)
-- DEWEY
-- 62781
-- 2021-11-9
-- 5
-- CCODEBUL1
-- BUL
-- 9.00
-- 1
-- 0
-- Y
-- BOOK
-- 2015-7-6
-- EDUCACION
-- UNKNOWN
-- COMPRA
-- .STAFF. Colección General
999 ## - NÚMEROS DE CONTROL DE SISTEMA (KOHA)
-- DEWEY
-- FJ08783
-- 2017-11-3
-- 2022-2-2
-- 2
-- CCODEBUJ1
-- BUJ
-- 1
-- 9.00
-- 0
-- Y
-- BOOK
-- 2017-9-13
-- EDUCACION
-- P14
-- COMPRA
-- .STAFF. Colección General Juliaca
999 ## - NÚMEROS DE CONTROL DE SISTEMA (KOHA)
-- DEWEY
-- FJ08916
-- 2022-2-2
-- 2
-- CCODEBUJ1
-- BUJ
-- 9.00
-- 0
-- Y
-- BOOK
-- 2017-10-11
-- EDUCACION
-- P14
-- COMPRA
-- .STAFF. Colección General Juliaca
980 ## - EQUIVALENCIA O REFERENCIA-CRUZADA-MENCIÓN DE SERIE--NOMBRE DE PERSONA/TÍTULO [LOCAL, CANADÁ]
ID del último usuario que modificó el registro 1
Nombre del último usuario que modificó el registro ALBERTO SANCHEZ Responsable de Automatización
Existencias
Visto por última vez Número de inventario Total de préstamos Signatura topográfica completa Código de barras Fecha del último préstamo Copia número Coste, precio de reemplazo Fecha de reemplazo Facultad Tipo de ítem Koha Nota pública Estado de pérdida Fuente del sistema de clasificación o colocación Restricciones de uso No para préstamo Colección Programa académico Biblioteca de origen Biblioteca actual Ubicación en estantería Fecha de adquisición Fuente de adquisición Coste, precio normal de compra
2025-12-03 6 1 869.56 Y38 62782 2017-11-03 e1 14.00 2015-07-06 FACIHED Libros físicos inventario-2023-12-13 No Perdido Clasificación Decimal Dewey No restringido Disponible para préstamos Colección General Educación secundaria, especialidad lingüística e inglés Biblioteca CRAI UPeU Lima Biblioteca CRAI UPeU Lima Sala principal 2015-07-06 COMPRA 9.00
2025-12-03 6   869.56 Y38 62781   e2 14.00 2015-07-06 FACIHED Libros físicos inventario-2023-12-13 No Perdido Clasificación Decimal Dewey No restringido Disponible para préstamos Colección General Educación secundaria, especialidad lingüística e inglés Biblioteca CRAI UPeU Lima Biblioteca CRAI UPeU Lima Sala principal 2015-07-06 COMPRA 9.00